000 00969nam a2200289 i 4500
003 EG-GICUC
005 20260227085411.0
008 260227s1876 fr ||||fr|||| 00| 0 fre d
040 _aEG-GiCUC
_bfre
_cEG-GiCUC
_dEG-GiCUC
_eRda
041 _afre
082 0 4 _221
_a341.84
_bTE . E
092 0 4 _221
099 _aLaw1 12 341.84 TE . E 1876
100 1 _aTeichmann,Albert
_eAuteur
245 _aÉtude Sur L’Affaire De Bauffremont Envisagée Au Point De Vue Des Législations Française Et Allemande /
_cAlbert Teichmann .
264 1 _aParis :
_bMarchal, Billard Et Cie ,
_c1876.
300 _a70 page ;
_c24 cm.
336 _2rda contenu
_a texte
337 _2rda medias
_aOrdinateur
338 _2 transporteur rda
_a Ressource en ligne
546 _aTexte en français
650 _aDroit International Privé
650 _aConflit De Lois
856 4 0 _uhttps://fll.law.cu.edu.eg/fulltext/bks/B12-02347.pdf
905 _a59
942 _2ddc
_n0
_cBK
_e21
999 _c64288
_d64288